Подробности
| 000 -МАРКЕР |
| контрольное поле |
02380nam0a2200529 4500 |
| 001 - ИДЕНТИФИКАТОР ЗАПИСИ |
| контрольное поле |
RU\NLR\bibl\1957031 |
| 005 - ИДЕНТИФИКАТОР ВЕРСИИ |
| контрольное поле |
20260406010933.0 |
| 021 ## - НОМЕР ГОСУДАРСТВЕННОЙ РЕГИСТРАЦИИ |
| Код страны |
Российская Федерация |
| Номер |
2012-72980 |
| Номер Листа государственной регистраци |
5396 |
| 035 ## - ДРУГИЕ СИСТЕМНЫЕ НОМЕРА |
| Идентификатор записи |
(nilc)LIBNET\0000282494 |
| 035 ## - ДРУГИЕ СИСТЕМНЫЕ НОМЕРА |
| Идентификатор записи |
2VIL\RUSMED\0000219286 |
| 035 ## - ДРУГИЕ СИСТЕМНЫЕ НОМЕРА |
| Идентификатор записи |
(NLR Aleph) 001946103 |
| 100 ## - ДАННЫЕ ОБЩЕЙ ОБРАБОТКИ |
| Данные общей обработки |
20121002d2012 |||y0rusy50 ca |
| 101 0# - ЯЗЫК РЕСУРСА |
| Язык текста, звукозаписи и т.д. |
русский |
| 102 ## - СТРАНА ПУБЛИКАЦИИ ИЛИ ПРОИЗВОДСТВА |
| Страна публикации |
Российская Федерация |
| 105 ## - ПОЛЕ КОДИРОВАННЫХ ДАННЫХ: ТЕКСТОВЫЕ МАТЕРИАЛЫ, МОНОГРАФИЧЕСКИЕ |
| Кодированные данные о монографическом текстовом документе |
a z ||||| |
| 200 1# - ЗАГЛАВИЕ И СВЕДЕНИЯ ОБ ОТВЕТСТВЕННОСТИ |
| Основное заглавие |
Фотохирургия |
| Первые сведения об ответственности |
Ф.В. Баллюзек, А.А. Иванов |
| 210 ## - ПУБЛИКАЦИЯ, РАСПРОСТРАНЕНИЕ И ДР. |
| Место издания, распространения и т.д. |
Санкт-Петербург |
| Имя издателя, распространителя и т. д. |
[б. и.] |
| Дата издания, распространения и т.д. |
2012 |
| Имя изготовителя |
Литография |
| 215 ## - ФИЗИЧЕСКАЯ ХАРАКТЕРИСТИКА |
| Специфическое обозначение материала и объем |
180 с., [4] л. цв. ил. |
| Другие сведения о физической характеристике |
ил. |
| Размеры |
21 |
| 300 ## - ОБЩИЕ ПРИМЕЧАНИЯ |
| Текст примечания |
На 4-й с. обл. 1-й авт.: Баллюзек Ф.В., д.м.н., проф., акад. Европ. акад. естеств. наук, Акад. медико-техн. наук РФ |
| 320 ## - ПРИМЕЧАНИЯ О НАЛИЧИИ В ДОКУМЕНТЕ БИБЛИОГРАФИИ / УКАЗАТЕЛЯ |
| Текст примечания |
Библиогр.: с. 173-178 (111 назв.) |
| 541 0# - ПЕРЕВОД ЗАГЛАВИЯ, СДЕЛАННЫЙ КАТАЛОГИЗАТОРОМ |
| Заглавие |
Photosurgery |
| 606 1# - НАИМЕНОВАНИЕ ТЕМЫ КАК ПРЕДМЕТ |
| Наименование темы |
СВЕТОЛЕЧЕНИЕ |
| Тематический подзаголовок |
методы |
| Код системы |
rus_mesh |
| Идентификатор авторитетной/нормативной записи |
R10966-6.1 |
| 606 1# - НАИМЕНОВАНИЕ ТЕМЫ КАК ПРЕДМЕТ |
| Наименование темы |
PHOTOTHERAPY |
| Тематический подзаголовок |
methods |
| Код системы |
rus_mesh |
| Идентификатор авторитетной/нормативной записи |
E10966-6.1 |
| 606 1# - НАИМЕНОВАНИЕ ТЕМЫ КАК ПРЕДМЕТ |
| Наименование темы |
СВЕТОЛЕЧЕНИЕ |
| Тематический подзаголовок |
оборудование |
| Код системы |
rus_mesh |
| Идентификатор авторитетной/нормативной записи |
R10966-7.1 |
| 606 1# - НАИМЕНОВАНИЕ ТЕМЫ КАК ПРЕДМЕТ |
| Наименование темы |
PHOTOTHERAPY |
| Тематический подзаголовок |
instrumentation |
| Код системы |
rus_mesh |
| Идентификатор авторитетной/нормативной записи |
E10966-7.1 |
| 606 1# - НАИМЕНОВАНИЕ ТЕМЫ КАК ПРЕДМЕТ |
| Наименование темы |
ХИРУРГИЧЕСКИЕ ОПЕРАЦИИ |
| Тематический подзаголовок |
методы |
| Код системы |
rus_mesh |
| Идентификатор авторитетной/нормативной записи |
R13723-6.1 |
| 606 1# - НАИМЕНОВАНИЕ ТЕМЫ КАК ПРЕДМЕТ |
| Наименование темы |
SURGICAL PROCEDURES, OPERATIVE |
| Тематический подзаголовок |
methods |
| Код системы |
rus_mesh |
| Идентификатор авторитетной/нормативной записи |
E13723-6.1 |
| 606 1# - НАИМЕНОВАНИЕ ТЕМЫ КАК ПРЕДМЕТ |
| Наименование темы |
Лазерная хирургия |
| Системный номер авторитетной/нормативной записи |
2494353 |
| Идентификатор авторитетной/нормативной записи |
RU\NLR\auth\661479799 |
| 686 ## - ИНДЕКСЫ ДРУГИХ КЛАССИФИКАЦИЙ |
| Индекс |
76.29.39 |
| Код системы |
|
| 686 ## - ИНДЕКСЫ ДРУГИХ КЛАССИФИКАЦИЙ |
| Индекс |
E02.774 - методы |
| Издание |
2011 |
| Код системы |
|
| 686 ## - ИНДЕКСЫ ДРУГИХ КЛАССИФИКАЦИЙ |
| Индекс |
E02.774 - methods |
| Издание |
2011 |
| Код системы |
|
| 686 ## - ИНДЕКСЫ ДРУГИХ КЛАССИФИКАЦИЙ |
| Индекс |
E02.774 - оборудование |
| Издание |
2011 |
| Код системы |
|
| 686 ## - ИНДЕКСЫ ДРУГИХ КЛАССИФИКАЦИЙ |
| Индекс |
E02.774 - instrumentation |
| Издание |
2011 |
| Код системы |
|
| 686 ## - ИНДЕКСЫ ДРУГИХ КЛАССИФИКАЦИЙ |
| Индекс |
E04 - методы |
| Издание |
2011 |
| Код системы |
|
| 686 ## - ИНДЕКСЫ ДРУГИХ КЛАССИФИКАЦИЙ |
| Индекс |
E04 - methods |
| Издание |
2011 |
| Код системы |
|
| 686 ## - ИНДЕКСЫ ДРУГИХ КЛАССИФИКАЦИЙ |
| Индекс |
Р45с5 |
| 700 #1 - ИМЯ ЛИЦА - ПЕРВИЧНАЯ ОТВЕТСТВЕННОСТЬ |
| Начальный элемент ввода |
Баллюзек |
| Часть имени, кроме начального элемента ввода |
Ф. В. |
| Расширение инициалов личного имени |
Феликс Владимирович |
| Код отношения |
Автор |
| 701 #1 - ИМЯ ЛИЦА - АЛЬТЕРНАТИВНАЯ ОТВЕТСТВЕННОСТЬ |
| Код отношения |
Автор |
| Графика поля |
Кириллица |
| Материалы, к которым относится поле |
rus |
| Начальный элемент ввода |
Иванов |
| Часть имени, кроме начального элемента ввода |
А. А. |
| Дополнения к именам, кроме дат |
специалист в обл. лазер. технологий |
| Расширение инициалов личного имени |
Александр Анатольевич |
| Системный номер авторитетной/нормативной записи |
99337 |
| Идентификатор авторитетной/нормативной записи |
RU\NLR\auth\77116412 |
| 801 #0 - ИСТОЧНИК ЗАПИСИ |
| Страна |
Российская Федерация |
| Организация |
ЦНМБ |
| Дата составления |
20121002 |
| Правила каталогизации |
PSBO |
| 801 #1 - ИСТОЧНИК ЗАПИСИ |
| Страна |
Российская Федерация |
| Организация |
ЦНМБ |
| Дата составления |
20121002 |
| 801 #2 - ИСТОЧНИК ЗАПИСИ |
| Страна |
Российская Федерация |
| Организация |
ЦНМБ |
| Дата составления |
20121016 |
| 801 #2 - ИСТОЧНИК ЗАПИСИ |
| Страна |
Российская Федерация |
| Организация |
NLR |
| Дата составления |
20121017 |
| Правила каталогизации |
rcr |
| 942 ## - ДОПОЛНИТЕЛЬНЫЕ ЭЛЕМЕНТЫ ЗАПИСИ (АБИС) |
| Тип экземпляра АБИС |
Книга |
| 980 ## - КОЛЛЕКЦИЯ |
| Название коллекции |
НБР |
| 980 ## - КОЛЛЕКЦИЯ |
| Название коллекции |
Национальная библиография |